Memoirs of William Hichey (Record no. 552100)
[ view plain ]
| 000 -LEADER | |
|---|---|
| fixed length control field | 00333nam a22001337a 4500 |
| 082 ## - DEWEY DECIMAL CLASSIFICATION NUMBER | |
| Classification number | 355.009242 |
| Author Mark | MEM |
| 100 ## - MAIN ENTRY--PERSONAL NAME | |
| Personal name | Spencer Alfred |
| 9 (RLIN) | 49321 |
| 245 ## - TITLE STATEMENT | |
| Title | Memoirs of William Hichey |
| Statement of responsibility, etc. | Alfred Spencer |
| 250 ## - EDITION STATEMENT | |
| Edition statement | Third Edition |
| 260 ## - PUBLICATION, DISTRIBUTION, ETC. | |
| Place of publication, distribution, etc. | MCE |
| 300 ## - PHYSICAL DESCRIPTION | |
| Extent | viii,403 |
| 526 ## - STUDY PROGRAM INFORMATION NOTE | |
| Program name | 0 |
| Interest level | 0 |
| Reading level | 0 |
| Title point value | 355_009242000000000_MEM |
| 942 ## - ADDED ENTRY ELEMENTS (KOHA) | |
| Source of classification or shelving scheme | |
| Koha item type | Book |
| Withdrawn status | Lost status | Source of classification or shelving scheme | Damaged status | Not for loan | Permanent Location | Current Location | Shelving location | Date acquired | Total Checkouts | Full call number | Barcode | Date last seen | Price effective from | Koha item type |
|---|---|---|---|---|---|---|---|---|---|---|---|---|---|---|
| Military College of Engineering (MCE) | Military College of Engineering (MCE) | 01/07/2015 | 355.009242 MEM | MCE-ECM/119 | 01/07/2015 | 01/07/2015 | Book |
